|
|
|
|
| LEADER |
00000cam a2200000 a 4500 |
| 001 |
91357 |
| 005 |
20230308182020.0 |
| 008 |
000000|1977 ||||||||r|||||||||||spa|| |
| 040 |
|
|
|b spa
|
| 041 |
0 |
|
|a Español
|
| 082 |
0 |
|
|a 335.4
|
| 100 |
1 |
|
|a Aguirre, Manuel Agustín.
|d 1903-1992
|9 221225
|
| 245 |
3 |
3 |
|a El socialismo científico
|c Manuel Agustín Aguirre
|h imp
|
| 264 |
|
|
|a Quito
|b Universidad Central
|c 1977
|
| 504 |
|
|
|a incl. ref.
|
| 650 |
|
|
|a Socialismo cientifico
|9 12045
|
| 852 |
|
|
|a UC-CDJBV
|c ESTANTERIA CERRADA
|f Donación
|k margarita.gutierrez
|l 1
|m General
|p 00000000
|q 3.00
|r 2
|t 91357
|b 0
|d CDRC
|e CDRC
|g 335.4 ESTANTERIA CERRADA
|z 0000-00-00
|
| 942 |
|
|
|c BK
|
| 999 |
|
|
|c 58403
|d 58403
|